| 000 | 01160nas a2200373 4500 | ||
|---|---|---|---|
| 001 | BR0504409 | ||
| 003 | BR-BrBNA | ||
| 005 | 20231205105627.0 | ||
| 007 | ta | ||
| 008 | 230509b bl.|||p| |||| 00| 00por d | ||
| 040 |
_aBR-BrBNA _bpor _cBiblioteca Nacional de Agricultura |
||
| 041 | _a(Pt) | ||
| 072 | _aL02; L51 | ||
| 100 | 1 | _aMoreira, F.B. | |
| 100 | 1 | _aPrado, I.N. do | |
| 100 | 1 | _aCecato, U. | |
| 100 | 1 | _aZeoula, L.M. | |
| 100 | 1 | _aWada, F.Y. | |
| 100 | 1 | _aTorii, M.S. | |
| 245 | 1 | _aNíveis de suplementação com sal mineral proteinado para novilhos Nelore terminados em pastagem no período de baixa produção forrageira | |
| 650 | _aGADO DE CORTE | ||
| 650 | _aSAIS MINERAIS | ||
| 650 | _aSUPLEMENTO MINERAL | ||
| 650 | _aPASTAGEM | ||
| 650 | _aPROTEÍNA BRUTA | ||
| 650 | _aURÉIA | ||
| 650 | _aMÉTODO ESTATÍSTICO | ||
| 650 | _aCOMPOSIÇÃO QUÍMICA | ||
| 650 | _aDIGESTIBILIDADE | ||
| 650 | _aGANHO DE PESO | ||
| 773 | 0 |
_tRevista Brasileira de Zootecnia (Brazil) _xISSN 1516-3598 _g(Nov-Dec 2004), v. 33(6)(Suplemento 1) p. 1814-1821 _wBR0504409 |
|
| 909 |
_a202311 _bLúcia _c55 _dLúcia Elande |
||
| 942 |
_2AGRIS _n0 _cANA |
||
| 999 |
_c183849 _d183849 |
||